Normal view
MARC view
- SEARBOROUGH, ZIMMERER
Entry Personal Name
001 - CONTROL NUMBER
- control field: 91468
003 - CONTROL NUMBER IDENTIFIER
- control field: NUST
005 - DATE AND TIME OF LATEST TRANSACTION
- control field: 20220510154249.0
008 - FIXED-LENGTH DATA ELEMENTS
- fixed length control field: 220510|| aca||aabn | a|a d
040 ## - CATALOGING SOURCE
- Original cataloging agency: NUST
- Transcribing agency: NUST
100 ## - HEADING--PERSONAL NAME
- Personal name: SEARBOROUGH, ZIMMERER
670 ## - SOURCE DATA FOUND
- Source citation: Work cat.: (NUST): SEARBOROUGH, ZIMMERER., ESSENTIALS OF ENTREPRENEURSHIP & SMALL BUSINESS MANAGEMENT /, 2015.
